[Event "36th Olympiad"]
[Site "Calvia ESP"]
[Date "2004.10.20"]
[Round "6"]
[White "Dao Thien Hai"]
[Black "Godena,M"]
[Result "1-0"]
[WhiteElo "2601"]
[BlackElo "2550"]

1.d4 d5 2.c4 c6 3.Nf3 Nf6 4.Nc3 e6 5.e3 Nbd7 6.Qc2 Bd6 7.Be2 O-O 8.O-O e5
9.cxd5 cxd5 10.Nb5 Bb8 11.dxe5 Nxe5 12.b3 Nfg4 13.Nbd4 Qd6 14.g3 a6 15.Nh4 Nh6
16.Bb2 Bh3 17.Rfd1 Rc8 18.Qd2 Ng6 19.Nhf3 Qe7 20.Ne1 Ba7 21.Bf3 Rd8 22.Nd3 Bxd4
23.Bxd4 Nf5 24.Bb2 d4 25.e4 Nd6 26.Qb4 Nb5 27.Qxe7 Nxe7 28.Rac1 Nc6 29.e5 Nba7
30.Be4 Be6 31.Rc5 Rac8 32.Rdc1 a5 33.f4 b6 34.Rxc6 Nxc6 35.Rxc6 Rxc6 36.Bxc6 Bf5
37.Bb5 Rc8 38.g4 Be4 39.Nf2 Rc2 40.Nxe4 Rxb2 41.a4 Rxb3 42.Nf2 Kf8 43.Nd3 Ke7
44.Kf2 Rb1 45.Kf3 Rh1 46.Ke4 Rxh2 47.Kxd4 Rg2 48.g5 f6 49.gxf6+ gxf6 50.Ke4 h5
51.Kf5 fxe5 52.fxe5 h4 53.Nf4 Rf2 54.Kg4 Rb2 55.Bc6 Rb4 56.Kf5 Kd8 57.e6 Rb1
58.Nd5 Re1 59.e7+ Rxe7 60.Nxe7 Kxe7 61.Kg4  1-0

[Event "36th Olympiad"]
[Site "Calvia ESP"]
[Date "2004.10.20"]
[Round "6"]
[White "Rama,L"]
[Black "Simonsen,H"]
[Result "0-1"]
[WhiteElo "2347"]
[BlackElo "2293"]

1.d4 d5 2.c4 c6 3.Nf3 Nf6 4.e3 e6 5.Nc3 Nbd7 6.Bd3 dxc4 7.Bxc4 b5 8.Bd3 Bb7
9.O-O b4 10.Ne4 Be7 11.Nxf6+ Bxf6 12.e4 O-O 13.e5 Be7 14.Be4 Qb6 15.Be3 c5
16.d5 exd5 17.Bxd5 Rab8 18.Bxb7 Qxb7 19.Qc2 Qd5 20.Rfd1 Qe6 21.Ng5 Bxg5 22.Bxg5 Rbe8
23.f4 f6 24.Rd6 Qf7 25.exf6 Nxf6 26.Bxf6 gxf6 27.Qxc5 Re2 28.Qxb4 Qe7 29.Rf1 Rc8
30.Qb3+ Kh8 31.Rfd1 Rcc2 32.Qg3 Qe3+ 33.Kh1 Qxg3 34.hxg3 Rxg2 35.Re1 Rh2+
36.Kg1 Rcg2+ 37.Kf1 Rxb2 38.Re7 Rb1+  0-1

[Event "36th Olympiad"]
[Site "Calvia ESP"]
[Date "2004.10.20"]
[Round "6"]
[White "Shirov,A"]
[Black "Fressinet,L"]
[Result "1-0"]
[WhiteElo "2726"]
[BlackElo "2640"]

1.d4 d5 2.c4 c6 3.Nc3 Nf6 4.Nf3 e6 5.e3 Nbd7 6.Qc2 Bd6 7.g4 dxc4 8.Bxc4 e5
9.Bd2 exd4 10.Nxd4 Ne5 11.Be2 Bxg4 12.f4 Ng6 13.Bxg4 Nxg4 14.Nf5 Nh4 15.Nxg7+ Kf8
16.O-O-O Nf2 17.Ne4 Nxd1 18.Rxd1 Be7 19.f5 Qb6 20.f6 Bb4 21.Bxb4+ Qxb4 22.a3 Qa5
23.Nc5 h6 24.Nf5 Ng6 25.Nd7+ Kg8 26.Ne7+ Kh7 27.Nxg6 fxg6 28.Ne5  1-0

[Event "Essent Open"]
[Site "Hoogeveen NED"]
[Date "2004.10.21"]
[Round "7"]
[White "Hendriks,Ric"]
[Black "Okkes,M"]
[Result "0-1"]
[WhiteElo "2140"]
[BlackElo "2353"]

1.d4 d5 2.c4 e6 3.Nc3 c6 4.e3 Nf6 5.Nf3 Nbd7 6.Bd3 dxc4 7.Bxc4 b5 8.Bd3 a6
9.e4 c5 10.d5 Qc7 11.O-O c4 12.Bc2 Bc5 13.h3 O-O 14.a3 Bb7 15.Bg5 h6 16.dxe6 fxe6
17.Bd2 Rad8 18.Qc1 Ng4 19.hxg4 Rxf3 20.Bd1 Rf7 21.Be3 Ne5 22.Be2 Nd3 23.Bxd3 Rxd3
24.Bxc5 Qxc5 25.Qc2 a5 26.Rac1 Rfd7 27.Rfd1 b4 28.axb4 axb4 29.Na4 Qd4 30.Rxd3 cxd3
31.Qd2 Qxe4 32.f3 Qd4+ 33.Kf1 Rf7 34.Qf2 Qd6 35.Rd1 Rc7 36.Qb6 Qxb6 37.Nxb6 Ba6
38.Rd2 Bb5 39.b3 Rc3 40.Nc4 Bxc4 41.bxc4 b3  0-1

[Event "36th Olympiad"]
[Site "Calvia ESP"]
[Date "2004.10.22"]
[Round "7"]
[White "Navara,D"]
[Black "Megaranto,S"]
[Result "1/2-1/2"]
[WhiteElo "2620"]
[BlackElo "2439"]

1.c4 Nf6 2.d4 c6 3.Nc3 d5 4.e3 e6 5.Nf3 Nbd7 6.Bd3 Bd6 7.O-O O-O 8.e4 dxc4
9.Bxc4 e5 10.Bg5 Qe7 11.a4 Rd8 12.d5 a5 13.Ba2 Nf8 14.Nd2 h6 15.Be3 Bb4 16.Bb6 Rd7
17.Qf3 cxd5 18.exd5 Bxc3 19.bxc3 e4 20.Qe3 Nxd5 21.Bxd5 Rxd5 22.Qxe4 Re5
23.Qd4 Bf5 24.Nc4 Re4 25.Qd6 Qe6 26.Qxe6 Rxe6 27.Rfe1 Bd3 28.Rxe6 Nxe6 29.Nb2 Be4
30.f3 Bc6 31.Nc4 Ra6 32.Rb1 Bxa4 33.Nxa5 Bc6 34.Kf2 Kf8 35.Ke3 Ke7 36.Kd3 Nf4+
37.Kc4 Nd5 38.Nxc6+ bxc6 39.Bd4 Ra2 40.Kc5 Rxg2 41.Kxc6 Nf4 42.c4 g5 43.Re1+ Ne6
44.Be5 Rc2 45.Bd6+ Kf6 46.c5 h5 47.Kb6 Rb2+ 48.Ka6 Rc2 49.Kb6 Rb2+ 50.Ka6  1/2-1/2

[Event "36th Olympiad w"]
[Site "Calvia ESP"]
[Date "2004.10.22"]
[Round "7"]
[White "Zhao Xue"]
[Black "Collas,S"]
[Result "1-0"]
[WhiteElo "2487"]
[BlackElo "2349"]

1.d4 d5 2.c4 e6 3.Nc3 c6 4.Nf3 Nf6 5.e3 Nbd7 6.Qc2 Bd6 7.b3 O-O 8.Be2 e5
9.cxd5 Nxd5 10.Nxd5 cxd5 11.dxe5 Nxe5 12.Bb2 Nxf3+ 13.Bxf3 Bb4+ 14.Ke2 Be6
15.Rhd1 Be7 16.Qd2 Bf6 17.Bxf6 Qxf6 18.Qd4 Qh6 19.h3 Rfd8 20.Kf1 Qg5 21.Rac1 Rd7
22.Rd2 b6 23.Rdc2 h6 24.Rc7 Rad8 25.Rxd7 Rxd7 26.Rc8+ Kh7 27.Be2 Bf5 28.g4 Be4
29.f3 Bb1 30.Rc1 Bg6 31.f4 Qh4 32.f5 Qxh3+ 33.Ke1 Re7 34.fxg6+ fxg6 35.Kd2 Re4
36.Qd3 Qg3 37.Rc3 d4 38.exd4 Qf4+ 39.Kc2 Rxd4 40.Rc4 Rxc4+ 41.Qxc4 Qf2 42.Qe4 Qc5+
43.Kb2 Qf2 44.b4 Qf6+ 45.Kb3 Qg5 46.Bc4 b5 47.Bd3 a6 48.Qe6 h5 49.gxh5 Qxh5
50.Qxa6 Qd1+ 51.Bc2 Qd5+ 52.Ka3 Qg5 53.Qe6 Qg3+ 54.Kb2 Kh6 55.Qe8  1-0

[Event "36th Olympiad w"]
[Site "Calvia ESP"]
[Date "2004.10.22"]
[Round "7"]
[White "Alexandrova,O"]
[Black "Aginian,N"]
[Result "1/2-1/2"]
[WhiteElo "2442"]
[BlackElo "2310"]

1.d4 d5 2.c4 c6 3.e3 Nf6 4.Nc3 e6 5.Nf3 Nbd7 6.Qc2 Bd6 7.Bd3 O-O 8.O-O dxc4
9.Bxc4 b5 10.Be2 Bb7 11.Rd1 Qb8 12.e4 c5 13.e5 cxd4 14.exf6 dxc3 15.fxg7 Rc8
16.bxc3 Ne5 17.Ng5 Ng6 18.h4 Bh2+ 19.Kf1 Be5 20.Bb2 Bxg7 21.g3 Bd5 22.h5 Nf8
23.Rxd5 exd5 24.Qf5 Qb7 25.Bf3 Qd7 26.Qxd7 Nxd7 27.Bxd5 b4 28.h6 Bf6 29.Bxa8 Bxg5
30.f4 Bxh6 31.Rd1 Nb6 32.Bb7 Rc7 33.Rd8+ Bf8 34.Be4 Na4 35.Ba1 bxc3 36.Bc2 Nb2
37.Rb8 Nc4 38.Ke2 Nb2 39.Bxb2 cxb2 40.Rxb2 Kg7 41.Bd3 h6 42.Rb5 Bd6 43.Ra5 Bb4
44.Rd5 Re7+ 45.Kf3 Rc7 46.Kg4 Re7 47.Rd4 Be1 48.Be4 Bc3 49.Rc4 Be1 50.Kf3 Ba5
51.Rc6 Rc7 52.Rxc7  1/2-1/2

[Event "36th Olympiad"]
[Site "Calvia ESP"]
[Date "2004.10.22"]
[Round "7"]
[White "Dautov,R"]
[Black "Atalik,S"]
[Result "1/2-1/2"]
[WhiteElo "2623"]
[BlackElo "2541"]

1.d4 Nf6 2.c4 e6 3.Nf3 d5 4.Nc3 c6 5.e3 Nbd7 6.Qc2 b6 7.b3 Bb7 8.Bd3 Be7
9.O-O Qc7 10.Bb2 Rd8 11.Rac1 Qb8 12.Rfe1 O-O 13.e4 dxe4 14.Nxe4 h6 15.Nxf6+ Bxf6
16.Bh7+ Kh8 17.Be4 c5 18.Bxb7 Qxb7 19.Rcd1 cxd4 20.Bxd4 Qc7 21.Qb2 Kg8 22.Rd2 Bxd4
23.Rxd4 Nf6 24.Red1 Rfe8 25.h3 Rxd4 26.Qxd4 e5 27.Qd6 Qxd6 28.Rxd6 Re7 29.Nh4 Ne4
30.Nf5 Rc7 31.Rd8+ Kh7 32.Ne3 Nc3 33.Nd5 Nxd5 34.Rxd5 f6 35.g4 h5 36.Kg2 hxg4
37.hxg4 Kg6 38.Kf3 Kf7 39.Ke4 Ke6 40.f4  1/2-1/2

[Event "36th Olympiad w"]
[Site "Calvia ESP"]
[Date "2004.10.22"]
[Round "7"]
[White "Igla,B"]
[Black "Thorsteinsdottir,G"]
[Result "1-0"]
[WhiteElo "2196"]
[BlackElo "2130"]

1.d4 d5 2.c4 c6 3.Nf3 Nf6 4.e3 e6 5.Nc3 Be7 6.Bd3 dxc4 7.Bxc4 Nbd7 8.O-O O-O
9.Qe2 b5 10.Bd3 b4 11.Na4 Qa5 12.b3 Bb7 13.Bd2 Qh5 14.Rac1 c5 15.dxc5 Nxc5
16.Nxc5 Bxc5 17.Rc4 Bd6 18.h3 Rfd8 19.e4 Ba6 20.Rd4 Bxd3 21.Qxd3 Bc7 22.Bxb4 Bb6
23.Rxd8+ Rxd8 24.Qc4 h6 25.Be7 Re8 26.Bxf6 gxf6 27.Rd1 Kh7 28.Rd7 Kh8 29.b4 Rg8
30.Kf1 Qg6 31.g3 Bxf2 32.Kxf2 Qxg3+ 33.Ke3 e5 34.Rd3 Qf4+ 35.Kf2 f5 36.Re3 Qg3+
37.Ke2 Qg2+ 38.Kd1 Rd8+ 39.Kc1 fxe4 40.Qxe4 Qxa2 41.Qxe5+ Kg8 42.Qc3 Qd5
43.Nd2 Kh7 44.Ne4 Qd4 45.Qxd4 Rxd4 46.b5 f5 47.Nc3 Kg6 48.Kc2 f4 49.Re4 Rd7
50.Rxf4  1-0

[Event "36th Olympiad w"]
[Site "Calvia ESP"]
[Date "2004.10.22"]
[Round "7"]
[White "Macek,V"]
[Black "Coimbra,M"]
[Result "1/2-1/2"]
[WhiteElo "2230"]
[BlackElo "2079"]

1.d4 d5 2.c4 c6 3.Nf3 Nf6 4.Nc3 e6 5.e3 Nbd7 6.Bd3 Bd6 7.O-O O-O 8.e4 dxc4
9.Bxc4 e5 10.h3 exd4 11.Nxd4 Nc5 12.Bg5 Be5 13.Bxf6 Qxf6 14.Nde2 Qg6 15.f4 Bxh3
16.Rf2 Bxc3 17.Nxc3 Rad8 18.Qf3 Bg4 19.Qe3 b6 20.f5 Qh6 21.Qg3 Bh5 22.Re1 Rd4
23.Bf1 Rfd8 24.e5 b5 25.e6 fxe6 26.fxe6 Nxe6 27.Ne4 Rf8 28.Rxf8+ Nxf8 29.Qe5 Rd5
30.Qe7 Bf7 31.Qxa7 Qh4 32.g3 Qg4 33.Bg2 Rd1 34.Rxd1 Qxd1+ 35.Kh2 Qh5+ 36.Kg1 Qd1+
37.Kh2 Qh5+ 38.Kg1 Qd1+  1/2-1/2

[Event "36th Olympiad"]
[Site "Calvia ESP"]
[Date "2004.10.23"]
[Round "8"]
[White "Corke,A"]
[Black "Talla,V"]
[Result "0-1"]
[WhiteElo "2041"]
[BlackElo "2385"]

1.d4 d5 2.c4 e6 3.Nc3 c6 4.e3 Nf6 5.Nf3 Nbd7 6.Bd2 Bd6 7.Qc2 O-O 8.O-O-O c5
9.cxd5 exd5 10.Ng5 h6 11.h4 Re8 12.e4 cxd4 13.Nb5 Nf8 14.e5 Bxe5 15.f4 Bd6
16.Kb1 Bg4 17.Rc1 Rc8 18.Qb3 Rxc1+ 19.Bxc1 Re1 20.Nxd4 Bxf4  0-1

[Event "36th Olympiad w"]
[Site "Calvia ESP"]
[Date "2004.10.23"]
[Round "8"]
[White "Lematschko,T"]
[Black "Sanchez Castillo,S"]
[Result "1-0"]
[WhiteElo "2267"]
[BlackElo "2141"]

1.d4 d5 2.c4 c6 3.Nc3 Nf6 4.e3 e6 5.Nf3 Nbd7 6.Qc2 Bd6 7.cxd5 exd5 8.Bd3 O-O
9.O-O h6 10.a3 Re8 11.b4 Nb6 12.Nd2 Ng4 13.h3 Nf6 14.Nb3 Bb8 15.f4 Nc4 16.Bxc4 dxc4
17.Na5 Nd5 18.Nxc4 Nxf4 19.exf4 Qxd4+ 20.Ne3 Bxf4 21.Rxf4 Qxf4 22.Ncd1 a5
23.bxa5 Rxa5 24.Qc3 Rae5 25.Nf1 Qe4 26.Bb2 Rg5 27.Ng3 Qg6 28.Kh2 h5 29.Bc1 Rd5
30.Nf2 h4 31.Nf1 Re2 32.Be3 Bf5 33.g4 hxg3+ 34.Nxg3 Rc2 35.Qb4 Qh7 36.h4 Qg6
37.Rg1 Qg4 38.Qxg4 Bxg4 39.Ne4 f5 40.Kg3 Ra5 41.Nxg4 fxg4 42.Kf4 Rc4 43.Rxg4 Rxa3
44.Kf3 Raa4 45.h5 Kh8 46.Rf4 Ra8 47.Rf7 Kg8 48.Rxb7 Re8 49.Nd6 Rf8+ 50.Ke2 Rh4
51.Rd7 Rh2+ 52.Kd3 Rxh5 53.Bd4 Rg5 54.Ne4 Rg4 55.Nc5 Rf7 56.Rd8+ Kh7 57.Nd7 Rf1
58.Nf8+ Kh6 59.Ne6 Rxd4+ 60.Nxd4 c5 61.Ke2 Rf6 62.Nf3 Kg6 63.Rc8 Re6+ 64.Kf2 Rf6  1-0

[Event "36th Olympiad"]
[Site "Calvia ESP"]
[Date "2004.10.23"]
[Round "8"]
[White "Davila,C"]
[Black "Kobese,W"]
[Result "1-0"]
[WhiteElo "2339"]
[BlackElo "2408"]

1.d4 d5 2.Nf3 Nf6 3.c4 c6 4.e3 e6 5.Nc3 Nbd7 6.Qc2 Bd6 7.Bd3 O-O 8.O-O b6
9.Rd1 Bb7 10.e4 dxe4 11.Nxe4 Nxe4 12.Bxe4 f5 13.Bd3 Qf6 14.c5 bxc5 15.Bc4 Nb6
16.Bg5 Qg6 17.dxc5 Bxc5 18.Be2 Bb4 19.a3 c5 20.axb4 cxb4 21.h4 Be4 22.Qc5 h6
23.Ne5 Qe8 24.Be7 Rc8 25.Qxb4 Rc2 26.Bxf8 Rxe2 27.Rxa7  1-0

[Event "36th Olympiad"]
[Site "Calvia ESP"]
[Date "2004.10.23"]
[Round "8"]
[White "Domingos,C"]
[Black "Dos Ramos,R"]
[Result "1-0"]
[WhiteElo "2227"]
[BlackElo "2203"]

1.d4 d5 2.Nf3 Nf6 3.c4 c6 4.Nc3 e6 5.e3 Nbd7 6.Bd3 dxc4 7.Bxc4 b5 8.Bd3 Bb7
9.O-O Be7 10.e4 a6 11.e5 Nd5 12.Ne4 h6 13.Qe2 Rc8 14.Bd2 c5 15.dxc5 Nxc5
16.Nxc5 Bxc5 17.a4 Nb4 18.Bxb4 Bxb4 19.Bxb5+ Kf8 20.Bxa6 Bxf3 21.Qxf3 Rc7
22.Rad1 Qb8 23.Qb3 Ke7 24.Qg3 Kf8 25.Bb5 Be7 26.h4 g5 27.h5 Rg8 28.Rd4 Rc5
29.Re1 Rc7 30.Red1 Kg7 31.b3 Rd8 32.Rxd8 Bxd8 33.Bc4 Rc5 34.f4 Rc7 35.Kh1 Be7
36.Qg4 Qc8 37.Rf1 Bd8 38.f5 exf5 39.Rxf5 Qd7 40.Rxf7+  1-0

[Event "Essent Open"]
[Site "Hoogeveen NED"]
[Date "2004.10.23"]
[Round "9"]
[White "Wempe,Jo"]
[Black "Bensdorp,M"]
[Result "1-0"]
[WhiteElo "2263"]
[BlackElo "2214"]

1.c4 e6 2.Nf3 d5 3.d4 c6 4.Nc3 Nf6 5.e3 Nbd7 6.Bd3 dxc4 7.Bxc4 b5 8.Bd3 Bb7
9.e4 b4 10.Ne2 c5 11.Ng3 Qc7 12.Bg5 Rc8 13.O-O h6 14.Bxf6 gxf6 15.d5 c4 16.Rc1 Nb6
17.dxe6 fxe6 18.Nd2 Qd7 19.Nxc4 Nxc4 20.Qh5+ Qf7 21.Bxc4 Qxh5 22.Nxh5 Ke7
23.Nf4 Bxe4 24.Rfe1 Bf5 25.Nxe6 Bxe6 26.Rxe6+ Kd8 27.Rxf6 Be7 28.Rd1+ Kc7
29.Rf7 Kb8 30.Rxe7  1-0

[Event "36th Olympiad w"]
[Site "Calvia ESP"]
[Date "2004.10.24"]
[Round "9"]
[White "Koneru,H"]
[Black "Zhukova,N"]
[Result "1-0"]
[WhiteElo "2503"]
[BlackElo "2481"]

1.d4 d5 2.e3 Nf6 3.c4 c6 4.Nc3 e6 5.Nf3 Nbd7 6.Bd3 dxc4 7.Bxc4 b5 8.Bd3 a6
9.e4 c5 10.d5 Qc7 11.O-O Bb7 12.Bc2 Bd6 13.dxe6 fxe6 14.Ng5 Nf8 15.f4 O-O-O
16.Qe2 h6 17.Nf3 Bxf4 18.e5 Bxf3 19.Qxf3 Bxe5 20.Qa8+ Kd7 21.Qxa6 b4 22.Ne4 Ke7
23.Be3 Nxe4 24.Bxe4 Bxb2 25.Rad1 Nd7 26.Bc6 Bd4 27.Bxd4 cxd4 28.Qc4 Nf6 29.Qxb4+ Rd6
30.Bb5 Qc3 31.Qb1 Qe3+ 32.Kh1 Rc8 33.Rf3 Qg5 34.Rg3 Ng4 35.Be2 h5 36.Qb7+ Kd8
37.Rf1 Rc1 38.Qb8+ Ke7 39.Qf8+ Kd7 40.Rb3 Rxf1+ 41.Bxf1 Qd8 42.Qxg7+ Kc6
43.Qb7+  1-0

[Event "36th Olympiad"]
[Site "Calvia ESP"]
[Date "2004.10.24"]
[Round "9"]
[White "Van der Stricht,G"]
[Black "Nguyen Anh Dung"]
[Result "1/2-1/2"]
[WhiteElo "2413"]
[BlackElo "2567"]

1.d4 d5 2.c4 c6 3.Nc3 Nf6 4.e3 e6 5.Nf3 Nbd7 6.Bd3 dxc4 7.Bxc4 b5 8.Bd3 Bb7
9.O-O a6 10.e4 c5 11.e5 Nd5 12.Bg5 Nxc3 13.bxc3 Be7 14.Bxe7 Qxe7 15.a4 c4
16.Bc2  1/2-1/2

[Event "36th Olympiad w"]
[Site "Calvia ESP"]
[Date "2004.10.24"]
[Round "9"]
[White "Thorsteinsdottir,G"]
[Black "Leite,C"]
[Result "1-0"]
[WhiteElo "2130"]
[BlackElo "2236"]

1.d4 d5 2.c4 c6 3.Nf3 Nf6 4.Nc3 e6 5.e3 Nbd7 6.Bd3 Bd6 7.O-O O-O 8.b3 Re8
9.Qc2 Qe7 10.e4 e5 11.cxd5 cxd5 12.Bg5 dxe4 13.Nxe4 exd4 14.Nxf6+ Nxf6 15.Rfe1 Be6
16.Nxd4 h6 17.Nf5 Qc7 18.Nxd6 Qxd6 19.Bxf6 gxf6 20.Re3 Rac8 21.Qd1 Qd5 22.Rg3+ Kf8
23.Qd2 h5 24.Qb4+ Rc5 25.Re1 b6 26.Qf4 Ke7 27.Bc4 Qd6 28.Rxe6+ fxe6 29.Rg7+ Kf8
30.Qxd6+ Kxg7 31.h4 Re5 32.Qd7+ Kf8 33.Qxa7 b5 34.Bd3 Re7 35.Qa8+ Kg7 36.Qf3 Rd5
37.Qg3+ Kf8 38.Be4 Re5 39.Qg6 Rf7 40.f3 Ke7 41.b4 Rf8 42.f4  1-0

[Event "XI Bela Papp Mem"]
[Site "Torokbalint HUN"]
[Date "2004.10.24"]
[Round "9"]
[White "Szeberenyi,A"]
[Black "Izsak,Gyu"]
[Result "1/2-1/2"]
[WhiteElo "2366"]
[BlackElo "2475"]

1.d4 d5 2.c4 c6 3.Nc3 Nf6 4.e3 e6 5.Nf3 Nbd7 6.Qc2 Bd6 7.Bd3 O-O 8.O-O dxc4
9.Bxc4 Qe7 10.h3 c5 11.Bb3 h6 12.Nh4 Rd8 13.Nf5 Qf8 14.Nxd6 Qxd6 15.Rd1 Qc7
16.Bd2 Nf8 17.Rac1  1/2-1/2

[Event "36th Olympiad w"]
[Site "Calvia ESP"]
[Date "2004.10.25"]
[Round "10"]
[White "Radziewicz,I"]
[Black "Danielian,E"]
[Result "1/2-1/2"]
[WhiteElo "2449"]
[BlackElo "2437"]

1.d4 d5 2.c4 c6 3.e3 Nf6 4.Nc3 e6 5.Nf3 Nbd7 6.Bd3 dxc4 7.Bxc4 b5 8.Bd3 b4
9.Ne4 Nxe4 10.Bxe4 Bb7 11.Bd2 Qb6 12.O-O Bd6 13.Qa4 O-O 14.Rac1 Rac8 15.Bb1 Rfd8
16.e4 c5 17.Bg5 f6 18.Be3 cxd4 19.Rxc8 Rxc8 20.Nxd4 Nc5 21.Qd1 Bxe4 22.Nxe6 Bxh2+
23.Kxh2 Qxe6 24.Bxc5 Bxb1 25.Re1 Qc6 26.Qb3+  1/2-1/2

[Event "36th Olympiad"]
[Site "Calvia ESP"]
[Date "2004.10.25"]
[Round "10"]
[White "Gonzalez Garcia,J"]
[Black "Perez Candelario,Man"]
[Result "1/2-1/2"]
[WhiteElo "2447"]
[BlackElo "2474"]

1.d4 d5 2.c4 e6 3.Nc3 c6 4.e3 Nf6 5.Nf3 Nbd7 6.Bd3 dxc4 7.Bxc4 b5 8.Bd3 Bb7
9.e4 b4 10.Na4 c5 11.e5 Nd5 12.O-O cxd4 13.Re1 Be7 14.Nxd4 O-O 15.Qg4 Re8
16.Bb5 Kh8 17.Qf3 Rf8 18.Qh3 Rc8 19.Bd3 g6 20.Bh6 Rg8 21.Qg4  1/2-1/2

[Event "36th Olympiad w"]
[Site "Calvia ESP"]
[Date "2004.10.27"]
[Round "12"]
[White "Bjerke,S"]
[Black "Petrenko,S"]
[Result "0-1"]
[WhiteElo "2142"]
[BlackElo "2323"]

1.d4 d5 2.c4 c6 3.Nc3 Nf6 4.e3 e6 5.Nf3 Nbd7 6.Bd3 Be7 7.O-O O-O 8.e4 dxe4
9.Nxe4 c5 10.Be3 Nxe4 11.Bxe4 Nf6 12.Bc2 Ng4 13.Ne5 Nxe3 14.fxe3 f5 15.d5 Qd6
16.Nf3 e5 17.e4 f4 18.Qe1 g5 19.a3 Qf6 20.Qc3 Bd6 21.b4 g4 22.Ne1 a5 23.Nd3 axb4
24.axb4 cxb4 25.Nxb4 Bc5+ 26.Kh1 Rxa1 27.Rxa1 Bd4 28.Qe1 Bxa1 29.Qxa1 f3
30.gxf3 gxf3 31.Qg1+ Kh8 32.Qf2 Bh3 33.Bd1 Bg2+ 34.Kg1 Qg6  0-1

[Event "36th Olympiad w"]
[Site "Calvia ESP"]
[Date "2004.10.27"]
[Round "12"]
[White "Maric,A"]
[Black "Zhukova,N"]
[Result "1/2-1/2"]
[WhiteElo "2418"]
[BlackElo "2481"]

1.d4 d5 2.c4 e6 3.Nf3 Nf6 4.Nc3 c6 5.e3 Nbd7 6.Qc2 Bd6 7.Bd3 O-O 8.O-O dxc4
9.Bxc4 a6 10.Rd1 b5 11.Be2 Qc7 12.e4 e5 13.g3 Re8 14.a3 exd4 15.Nxd4 Be5
16.Be3 Bb7 17.Bf3 c5 18.Nde2 c4 19.a4 b4 20.Nd5 Nxd5 21.exd5 Qd6 22.Nd4 Bxd4
23.Rxd4 Rac8 24.Rad1 c3 25.bxc3 Rxc3 26.Qb1 a5 27.Re4 Rd8 28.Bg2 Nc5 29.Rg4 Rxe3
30.fxe3 Nxa4 31.Rc4 g6 32.Rd2 Nc3 33.Qe1 Qb6 34.Rcd4 b3 35.Rb2 Nxd5 36.Qd1 a4
37.Bxd5 Rxd5 38.Rxd5 Qxe3+ 39.Rf2 b2 40.Rd8+ Kg7 41.Rd7 Be4 42.Rxf7+ Kh6
43.Rxh7+ Kxh7 44.Qd7+ Kh6 45.Qh3+ Kg7 46.Qd7+  1/2-1/2

[Event "36th Olympiad"]
[Site "Calvia ESP"]
[Date "2004.10.27"]
[Round "12"]
[White "Moussa,A"]
[Black "Lim Yee Weng"]
[Result "1/2-1/2"]
[WhiteElo "2188"]
[BlackElo "2346"]

1.d4 d5 2.c4 c6 3.e3 Nf6 4.Nf3 e6 5.Nc3 Nbd7 6.Qc2 Bd6 7.Be2 O-O 8.O-O dxc4
9.Bxc4 b5 10.Be2 Bb7 11.a3 Rc8 12.Rd1 Qe7 13.e4 e5 14.dxe5 Nxe5 15.Nd4 Bb8
16.Bg5 Ng6 17.g3 h6 18.Nf5 Qe6 19.Nd4 Qe5 20.Be3  1/2-1/2

[Event "World Seniors"]
[Site "Halle GER"]
[Date "2004.10.27"]
[Round "4"]
[White "Khanukov,B"]
[Black "Klovans,J"]
[Result "0-1"]
[WhiteElo "2329"]
[BlackElo "2455"]

1.d4 d5 2.c4 e6 3.Nc3 c6 4.e3 Nf6 5.Nf3 Nbd7 6.Qc2 a6 7.Bd2 dxc4 8.Bxc4 b5
9.Bd3 c5 10.a4 cxd4 11.exd4 b4 12.Ne4 Bb7 13.Bf4 b3 14.Qe2 Nxe4 15.Bxe4 Bxe4
16.Qxe4 Bb4+ 17.Bd2 Rb8 18.O-O O-O 19.Bf4 Nf6 20.Qd3 Bd6 21.Bxd6 Qxd6 22.Ra3 Rb4
23.Rxb3 Rxa4 24.Rc1 Nd5 25.g3 h6 26.Qc2 Rb4 27.Rxb4 Qxb4 28.Ra1 Qb7 29.Qe2 Nb4
30.Ne5 Rc8 31.Nc4 Qb5 32.b3 Nc6 33.Qe3 Rd8 34.Na3 Qb6 35.Nc4 Qxd4 36.Rxa6 Qd1+
37.Kg2 Nd4 38.Ne5 Nc2 39.Qe4 Ne1+ 40.Kf1 Nd3+ 41.Kg2 Ne1+ 42.Kh3 Qh5+ 43.Qh4 Qf5+
44.g4 Rd3+ 45.f3  0-1

[Event "World Seniors"]
[Site "Halle GER"]
[Date "2004.10.27"]
[Round "4"]
[White "Reichenbach,W"]
[Black "Baumgartner,H"]
[Result "1-0"]
[WhiteElo "2322"]
[BlackElo "2337"]

1.d4 d5 2.c4 e6 3.Nc3 Nf6 4.Nf3 c6 5.e3 Nbd7 6.Qc2 Bd6 7.Bd3 dxc4 8.Bxc4 e5
9.O-O exd4 10.exd4 O-O 11.Bg5 Nb6 12.Bb3 Be7 13.Rfe1 Bg4 14.Ne5 Be6 15.Bxe6 fxe6
16.Nf3 Nfd5 17.Bxe7 Qxe7 18.Ne4 h6 19.Ne5 Rfe8 20.Nc5 Rab8 21.Qb3 Nc7 22.Re4 Nbd5
23.a4 Nf6 24.Rf4 Ncd5 25.Rf3 Qd6 26.Qd3 Ne7 27.Rxf6 gxf6 28.Qg3+ Kh7 29.Ne4  1-0

[Event "36th Olympiad"]
[Site "Calvia ESP"]
[Date "2004.10.28"]
[Round "13"]
[White "Kempinski,R"]
[Black "Harikrishna,P"]
[Result "1-0"]
[WhiteElo "2608"]
[BlackElo "2612"]

1.d4 d5 2.c4 c6 3.e3 Nf6 4.Nc3 e6 5.Nf3 Nbd7 6.Qc2 Bd6 7.g4 Bb4 8.Bd2 O-O
9.Rg1 b6 10.Bd3 Ba6 11.b3 g6 12.h4 Qe7 13.a3 Bd6 14.Be2 c5 15.g5 Nh5 16.dxc5 bxc5
17.cxd5 Bxe2 18.Kxe2 Nb6 19.Qe4 exd5 20.Qxe7 Bxe7 21.a4 a5 22.Nb5 Rfc8 23.Bc3 d4
24.Bb2 dxe3 25.fxe3 c4 26.Bd4 Bc5 27.Bxc5 Rxc5 28.Rac1 Re8 29.Kf2 Rec8 30.Nd6 R8c7
31.bxc4 Nxa4 32.Rb1 Rc8 33.Nxc8 Rxc8 34.Rb5 Rxc4 35.Ne5 Rc2+ 36.Kf3 Nc3 37.Rxa5 Rh2
38.Ng4 Rxh4 39.Ra8+ Kg7 40.Nh6 Nf6 41.Ra7 Rh3+ 42.Kg2 Rxh6 43.gxh6+ Kxh6
44.Rxf7 Nce4 45.Ra1 g5 46.Ra6 Kg6 47.Re7 Kf5 48.Ra5+ Kg6 49.Rae5 Nc3 50.e4 Ne2
51.Ra5 Kh5 52.e5 Nd5 53.Rxh7+ Kg4 54.e6 Nef4+ 55.Kh1 Nf6 56.e7 Kf3 57.Rf7  1-0

[Event "36th Olympiad"]
[Site "Calvia ESP"]
[Date "2004.10.28"]
[Round "13"]
[White "Chikhaoui,W"]
[Black "Alvarado,N"]
[Result "0-1"]
[WhiteElo "2324"]
[BlackElo "2290"]

1.d4 d5 2.Nf3 Nf6 3.c4 c6 4.e3 e6 5.Nc3 Nbd7 6.Bd3 dxc4 7.Bxc4 b5 8.Bd3 Bb7
9.e4 b4 10.e5 bxc3 11.exf6 cxb2 12.fxg7 Bxg7 13.Bxb2 Qa5+ 14.Nd2 Bh6 15.Qc2 c5
16.d5 Rg8 17.Bc3 Qc7 18.dxe6 fxe6 19.Bxh7 Rxg2 20.Bg6+ Ke7 21.Be4 Bxd2+ 22.Qxd2 Bxe4
23.Qh6 Qc6 24.O-O-O Rf8 25.Rxd7+ Qxd7 26.Qh4+ Ke8 27.Qxe4 Rfxf2 28.a4  0-1

[Event "36th Olympiad w"]
[Site "Calvia ESP"]
[Date "2004.10.29"]
[Round "14"]
[White "Peng Zhaoqin"]
[Black "Madl,I"]
[Result "1/2-1/2"]
[WhiteElo "2420"]
[BlackElo "2369"]

1.d4 d5 2.c4 c6 3.Nf3 Nf6 4.Nc3 e6 5.e3 Nbd7 6.Qc2 Bd6 7.b3 O-O 8.Be2 a6
9.O-O b5 10.e4 e5 11.c5 exd4 12.cxd6 dxc3 13.e5 Ne4 14.Bd3 Ndc5 15.Nd4 Qe8
16.f4 f6 17.Ba3 b4 18.Bxb4 Nxd3 19.Qxd3 c5 20.Nf3 Bb7 21.Bxc3 Qb5 22.Qc2 d4
23.Bb2 Bd5 24.Rad1 a5 25.Rfe1 f5 26.Qd3 Qb7 27.Bxd4 cxd4 28.Nxd4 Qa7 29.Qe3 Qb7
30.Rc1 Rac8 31.Rxc8 Qxc8 32.Rc1 Qe8 33.h3 Nxd6 34.Qd2 Ne4 35.Qxa5 Qa8 36.Qb5 Qb7
37.Qxb7 Bxb7 38.Ne6 Rc8 39.Rd1 Bc6 40.g4 g6 41.gxf5 gxf5 42.a4 Kf7 43.Nd8+ Ke7
44.Nxc6+ Rxc6 45.a5 Rc3 46.a6 Rxb3 47.Ra1 Rb8 48.a7 Ra8 49.Ra6 Nc5 50.Rh6 Nd7
51.Rxh7+ Ke6 52.Rh6+ Ke7 53.Rh7+ Ke6 54.Rh6+ Ke7 55.Ra6 Nc5 56.Ra3 Ne6 57.Ra4 Nc5
58.Ra3 Ne6  1/2-1/2

[Event "36th Olympiad"]
[Site "Calvia ESP"]
[Date "2004.10.29"]
[Round "14"]
[White "Kunte,A"]
[Black "Cheparinov,I"]
[Result "1-0"]
[WhiteElo "2550"]
[BlackElo "2576"]

1.d4 d5 2.c4 c6 3.Nc3 Nf6 4.e3 e6 5.Nf3 Nbd7 6.Bd3 dxc4 7.Bxc4 b5 8.Bd3 Bb7
9.e4 b4 10.Na4 c5 11.e5 Nd5 12.dxc5 Nxc5 13.Bb5+ Nd7 14.Bg5 Qa5 15.Bxd7+ Kxd7
16.O-O h6 17.Bd2 Bc6 18.b3 Qa6 19.Nb2 Bb5 20.Re1 Bc5 21.Be3 Rhc8 22.Bxc5 Rxc5
23.Nd2 Rac8 24.Ne4 R5c6 25.Nd6 Rxd6 26.exd6 Qb6 27.Qf3 f5 28.Rad1 Qxd6 29.Qh5 Qf8
30.Qh4 Rc2 31.Nc4 Qf6 32.Qf4 Kc8 33.Nd6+ Kd7 34.Nxb5  1-0

[Event "Open"]
[Site "Liberec CZE"]
[Date "2004.10.30"]
[Round "9"]
[White "Simecek,B"]
[Black "Snorek,M"]
[Result "0-1"]
[WhiteElo "2113"]
[BlackElo "2183"]

1.d4 d5 2.c4 c6 3.Nc3 Nf6 4.Nf3 e6 5.e3 Nbd7 6.b3 Bd6 7.Bb2 O-O 8.Bd3 e5
9.cxd5 cxd5 10.dxe5 Nxe5 11.Be2 Be6 12.O-O Qa5 13.Qd4 Nc6 14.Qd2 a6 15.Rfd1 Rad8
16.Nd4 Qc7 17.g3 Bc8 18.Bf3 Ne5 19.Bg2 Bg4 20.Re1 Bb4 21.f3 Bc8 22.Rac1 Qd6
23.Qc2 g6 24.Re2 Rfe8 25.Nd1 Re7 26.Nf2 Rde8 27.Nd3 Nxd3 28.Qxd3 Nd7 29.Nc2 Ne5
30.Bxe5 Rxe5 31.Nxb4 Qxb4 32.f4 R5e7 33.Qxd5 Bg4 34.Ree1 Rd7 35.Qc4 Qa5 36.Qc5 Qxa2
37.Qc2 Qa5 38.e4 Rd2 39.Qc3 Qa2 40.Bf1 Rxh2 41.Qe3 Rxe4 42.Qb6 Bf3 43.Be2  0-1

[Event "TCh-SLO"]
[Site "Celje SLO"]
[Date "2004.11.01"]
[Round "4"]
[White "Sebenik,M"]
[Black "Polajzer,D"]
[Result "1-0"]
[WhiteElo "2413"]
[BlackElo "2382"]

1.d4 Nf6 2.c4 e6 3.Nf3 d5 4.Nc3 c6 5.e3 Nbd7 6.Qc2 Bd6 7.b3 O-O 8.Be2 Qe7
9.O-O b6 10.cxd5 exd5 11.Bb2 Bb7 12.Rfd1 Rfe8 13.Rac1 Rac8 14.Qb1 Ng4 15.Bd3 Ndf6
16.Bf5 Rc7 17.Re1 g6 18.Bxg4 Nxg4 19.e4 Qd8 20.h3 Nh6 21.e5 Bf8 22.Qd3 Nf5
23.g4 Nh4 24.Nxh4 Qxh4 25.Nxd5 Rec8 26.Nxc7 Rxc7 27.d5 Rd7 28.e6 fxe6 29.Rxe6 Rf7
30.Qd4  1-0

[Event "TCh-SLO"]
[Site "Celje SLO"]
[Date "2004.11.01"]
[Round "4"]
[White "Mohr,G"]
[Black "Sveshnikov,E"]
[Result "1/2-1/2"]
[WhiteElo "2444"]
[BlackElo "2512"]

1.c4 e6 2.Nc3 d5 3.d4 c6 4.e3 Nf6 5.Nf3 Nbd7 6.Qc2 Bd6 7.Be2 O-O 8.O-O dxc4
9.Bxc4 b5 10.Be2 Bb7 11.Bd2 Re8 12.a3 e5 13.dxe5 Nxe5 14.Nxe5 Bxe5 15.Bf3 Qb8
16.h3 c5 17.Bxb7 Qxb7 18.Rfd1 Rac8 19.Ne2 Bb8 20.Ba5 Ne4 21.Nc3 Nf6 22.Ne2 Qa6
23.Bc3 Ne4 24.Be1 Qb7 25.Nc3 Nf6 26.Qb3 a6 27.Nd5 Nxd5 28.Qxd5 Qc7  1/2-1/2